000
00277nam a22000977a 4500
003
SGT
100
_a
Naveen-221001002
245
_a
A study of Awareness Among Secondary school students Tow Ards Environmental pollrtion and its remedial Solution
260
_c
2022
942
_2
ddc
_c
TH
999
_c
29399
_d
29399